| 000 | 00830cam a2200241 a 4500 | ||
|---|---|---|---|
| 001 | 161 | ||
| 003 | BR-CuiBMT | ||
| 005 | 20231127195804.0 | ||
| 008 | 230822s2021 mgba 000 0 por d | ||
| 020 | _a9786555181906 | ||
| 040 |
_aBR-CuiBMT _cBR-CuiBMT |
||
| 080 |
_a35.073.52 _22007 |
||
| 090 |
_a35.073.52 _bG635t |
||
| 100 | 1 | _aGonçalves, André Luiz de Matos | |
| 245 | 1 | 0 |
_aTribunais de contas, políticas públicas e unidade legística : _bproblemas e propostas de atuação acoplada na fiscalização orçamentária para a segurança jurídica / _cAndré Luiz de Matos Gonçalves. |
| 260 |
_aBelo Horizonte : _bFórum, _c2021. |
||
| 300 |
_a454 p. : _bil. ; _c22 cm |
||
| 504 | _aInclui bibliografia. | ||
| 650 | _aTribunais de contas | ||
| 650 | _aDireito público | ||
| 650 | _aPolíticas públicas | ||
| 942 |
_2udc _cLV |
||
| 999 |
_c161 _d161 |
||